10 największych miast na polskim wybrzeżu - Statystyki

Ogólne statystyki
  • Ten quiz został rozwiązany 68 razy
  • Średni wynik to 8 z 10
Statystyki odpowiedzi
Populacja Miasto % Poprawnych
487 371 Gdańsk
100%
248 939 Gdynia
100%
32 115 Sopot
95%
43 680 Kołobrzeg
93%
13 950 Ustka
83%
40 696 Świnoujście
75%
9 295 Władysławowo
67%
5 417 Międzyzdroje
53%
10 644 Puck
45%
11 984 Darłowo
42%
Nie znaleziono quizów pasujących do podanych kryteriów
Rozkład punktacji
Procent ludzi z każdym wynikiem
Percentyl według liczby udzielonych odpowiedzi
Twoja historia wyników
Nie rozwiązałeś tego quizu